Parodies dans les Simpson par image #5 - Statistiques

Statistiques générales
  • Ce quiz a été pris 541 fois
    460 depuis la dernière actualisation
  • Le résultat moyen est 11 sur 20
Statistiques - réponses
Par images Réponse % Correct
Le Grinch
93%
Les Télétubbies
92%
L'âge de glace
90%
Pac-Man
90%
Dumbo
89%
Monopoly
89%
Moi moche et méchant
86%
Qui veut gagner des millions ?
65%
Le Magicien d'Oz
62%
Adventure Time
54%
Les Griffes de la nuit
48%
Là-Haut
41%
Pirates des Caraïbes
38%
Venom
29%
Casse-Noisette
22%
Inglorious Basterds
22%
Bataille navale
21%
Le Chat chapeauté
17%
Flashdance
11%
Se7en
9%
Aucun quiz correspondant
Distribution des résultats
% des personnes avec chaque résultat
Percentile par nombre de réponses
Votre historique - résultats
Vous n’avez pas pris ce quiz depuis la dernière actualisation